Zgadnij systemy Linuxa - Statystyki

Ogólne statystyki
  • Ten quiz został rozwiązany 18 razy
  • Średni wynik to 5 z 8
Statystyki odpowiedzi
Obrazkowy Odpowiedź % Poprawnych
Fedora
100%
Ubuntu
100%
Debian
80%
Red hat
80%
Slackware
60%
Suse
60%
FreeBSD
40%
Mandriva
7%
Nie znaleziono quizów pasujących do podanych kryteriów
Rozkład punktacji
Procent ludzi z każdym wynikiem
Percentyl według liczby udzielonych odpowiedzi
Twoja historia wyników
Nie rozwiązałeś tego quizu